| 000 | 00866cab a2200241 4500 | ||
|---|---|---|---|
| 001 | WB2829-45 | ||
| 008 | 090401t1992 xxu||||| |||| 00| 0 eng d | ||
| 035 | _a(Sirsi) u63813 | ||
| 041 | _aeng | ||
| 245 | _aConservation areas | ||
| 260 | _c1992 | ||
| 350 | _a0 | ||
| 490 |
_aEstates Gazette _v(9228) 18 July 1992, 117(1) |
||
| 520 | _aNotes on "R v Canterbury CC, ex parte Halford" 1992, which concerned the recommendation the extension of an existing conservation area following a planning application, which was turned dowm by the authority, for development near the conservation area. | ||
| 650 | _aCONSERVATION AREAS | ||
| 650 | _aDESIGNATION | ||
| 650 | _aEXTENSION | ||
| 650 | _aPLANNING (LISTED BUILDINGS AND CONSERVATION AREAS) ACT 1990 | ||
| 690 | _aCONSERVATION | ||
| 690 | _aPLANNING LAW AND PRACTICE | ||
| 942 | _n0 | ||
| 948 | _c04/03/1997 | ||
| 999 |
_c39697 _d39697 |
||